A potential gold mine (Record no. 82721)

MARC details
000 -LEADER
fixed length control field 00872cab a22002175a 4500
001 - CONTROL NUMBER
control field L151169
008 - FIXED-LENGTH DATA ELEMENTS--GENERAL INFORMATION
fixed length control field 101005e20101002xxk 000 0 eng d
035 ## - SYSTEM CONTROL NUMBER
System control number (Sirsi) u151169
041 0# - LANGUAGE CODE
Language code of text/sound track or separate title eng
100 1# - MAIN ENTRY--PERSONAL NAME
Personal name Wilmot-Smith, Andrew
245 02 - TITLE STATEMENT
Title A potential gold mine
260 ## - PUBLICATION, DISTRIBUTION, ETC.
Date of publication, distribution, etc. 2010
490 ## - SERIES STATEMENT
Series statement Estates Gazette
Volume/sequential designation (1039) 2 October 2010, 106-107(2)
520 ## - SUMMARY, ETC.
Summary, etc. Property authorised investment funds (PAIF)s which are open-ended investment companies (OEIC)s comprising of collective investment schemes authorised and regulated by the Financial Services Authority. Flow chart explaining how a PAIF works. Highlights a PAIF's pros and cons and the tax issues.
590 ## - LOCAL NOTE (RLIN)
Local note KA
651 #4 - SUBJECT ADDED ENTRY--GEOGRAPHIC NAME
Geographic name UNITED KINGDOM
690 ## - LOCAL SUBJECT ADDED ENTRY--TOPICAL TERM (OCLC, RLIN)
Topical term or geographic name as entry element PROPERTY-COMMERCIAL PROPERTY-COMMERCIAL PROPERTY FINANCE AND INVESTMENT
700 1# - ADDED ENTRY--PERSONAL NAME
Personal name Baker, Matthew
700 1# - ADDED ENTRY--PERSONAL NAME
Personal name Shaw, Keith
942 ## - ADDED ENTRY ELEMENTS (KOHA)
Suppress in OPAC 0
Holdings
Withdrawn status Lost status Source of classification or shelving scheme Damaged status Not for loan Home library Current library Shelving location Date acquired Total Checkouts Full call number Barcode Date last seen Copy number Price effective from Koha item type
    Dewey Decimal Classification     London London Journal article 05/10/2010   L151169 151169-1001 06/08/2019 1 06/08/2019 Journal article